Polskie miasta na P według podpowiedzi - Statystyki

Ogólne statystyki
  • Ten quiz został rozwiązany 163 razy
  • Średni wynik to 6 z 10
Statystyki odpowiedzi
Podpowiedź Miasto % Poprawnych
Słynie z rogali świętomarcińskich i koziołków. Poznań
99%
Słynna mafia działająca w latach 90. wzięła nazwę od tego miasta. Pruszków
84%
Tam Kozy kują. Pacanów
73%
Stolica Polski w latach 1079-1138. Płock
64%
Podłódzkie miasto z herbem przypominającym herb Szwecji. Pabianice
53%
Siedziba archidiecezji rzymskokatolickiej na południu Polski. Przemyśl
49%
Jedno z najbogatszych miast powiatowych wydobywających miedź. Polkowice
43%
Nad Wisłą z Parkiem Czartoryskich. Puławy
39%
Perła Górnego Śląska i księżnej Daisy. Przechodzi przez nie DK 1. Pszczyna
31%
Tam znajduje się Park na Wyspie na Gwdzie. Piła
30%
Nie znaleziono quizów pasujących do podanych kryteriów
Rozkład punktacji
Procent ludzi z każdym wynikiem
Percentyl według liczby udzielonych odpowiedzi
Twoja historia wyników
Nie rozwiązałeś tego quizu